| 000 | 00789nam a2200217 a 4500 | ||
|---|---|---|---|
| 001 | BRCA_6855 | ||
| 005 | 20190321142921.0 | ||
| 008 | 091111s1940----sp-o######---#000-0#spa-# | ||
| 041 | _aspa | ||
| 044 | _asp | ||
| 050 | 4 | _b.C58 1940 | |
| 245 | 1 | 0 |
_aCiudad Rodrigo _cFotos Pazo. |
| 260 |
_aEspaña _c[1940] |
||
| 300 |
_a4 v. _bFotografías _c9 cm. |
||
| 500 | _aTarjetas postales inventariadas por Banco de México como libro | ||
| 500 | _aL140 | ||
| 501 | _av.1. Album no. 1 Ciudad Rodrigo. 15 vistas de la catedral.-- v.2. Album no. 1 Ciudad Rodrigo. 15 vistas de la Ciudad.-- v.3. Album no. 2 Ciudad Rodrigo. 15 vistas de la Catedral.-- v..4. Album no. 2 Ciudad Rodrigo. 15 vistas de la Ciudad. | ||
| 651 | 4 |
_aCiudad Rodrigo (España) _917086 |
|
| 902 | _aGFM | ||
| 942 |
_2lcc _cB |
||
| 999 |
_c6537 _d6537 |
||